Základy lesnické politiky : skriptum /

Hlavní autor: Holušová, Kateřina
Korporativní autor: Mendelova univerzita. Ústav lesnické a dřevařské ekonomiky a politiky
Jazyk: Čeština
Vydáno: V Brně : Mendelova univerzita, 2018
Vydání: Vydání první
Témata:
Fyzický popis: 119 stran ; 29 cm
Knihy
Uloženo v:
LEADER 01910nam a2200493 i 4500
001 nkc20193077303
003 CZ PrNK
005 20190402145830.0
007 ta
008 190218s2018 xr e p 000 0 cze
015 |a cnb003077303 
020 |a 978-80-7509-616-6  |q (brožováno) 
035 |a (OCoLC)1100762672 
040 |a BOA001  |b cze  |e rda 
043 |a e-xr--- 
072 7 |a 630  |x Lesnictví  |2 Konspekt  |9 24 
072 7 |a 37.016  |x Učební osnovy. Vyučovací předměty. Učebnice  |2 Konspekt  |9 22 
080 |a 630.9  |2 MRF 
080 |a (437.3)  |2 MRF 
080 |a (075.8)  |2 MRF 
100 1 |a Holušová, Kateřina  |7 ola2012734306  |4 aut 
245 1 0 |a Základy lesnické politiky :  |b skriptum /  |c Kateřina Holušová 
250 |a Vydání první 
264 1 |a V Brně :  |b Mendelova univerzita,  |c 2018 
300 |a 119 stran ;  |c 29 cm 
336 |a text  |b txt  |2 rdacontent 
337 |a bez média  |b n  |2 rdamedia 
338 |a svazek  |b nc  |2 rdacarrier 
500 |a Na obálce nad názvem: Mendelova univerzita v Brně, Lesnická a dřevařská fakulta, Ústav lesnické a dřevařské ekonomiky a politiky 
500 |a 250 výtisků 
504 |a Obsahuje bibliografii 
650 0 7 |a lesnická politika  |7 ph122245  |2 czenas 
650 0 7 |a lesnická politika  |7 ph122245  |z Česko  |2 czenas 
650 0 9 |a forest policy  |2 eczenas 
650 0 9 |a forest policy  |z Czechia  |2 eczenas 
655 7 |a učebnice vysokých škol  |7 fd133772  |2 czenas 
655 9 |a textbooks (higher)  |2 eczenas 
710 2 |a Mendelova univerzita.  |b Ústav lesnické a dřevařské ekonomiky a politiky  |7 uzp2010609464  |4 isb 
910 2 |a BOA001  |b 4-1422.679 
990 |a BK 
995 |a 01 
991 |b 201903  |c NOV 
996 6 |b 2610774015  |c 4-1422.679  |l MZK  |r Sklad / do 1 hodiny  |n 0  |p p.v.  |w 001712339  |u 000010  |a 1  |e BOA001  |j MZK50  |s P 
996 7 |b 2610774016  |c 4-1422.679  |l Vol.výběr  |r VV 1p  |n 7  |p p.v.  |h 630 HOL  |w 001712339  |u 000020  |a 0  |e BOA001  |j MZK50  |s A